| 000 -LEADER |
| fixed length control field |
00597nam a22001817a 4500 |
| 008 - FIXED-LENGTH DATA ELEMENTS--GENERAL INFORMATION |
| fixed length control field |
150611b xxu||||| |||| 00| 0 eng d |
| 020 ## - INTERNATIONAL STANDARD BOOK NUMBER |
| International Standard Book Number |
9781884158070 |
| 041 0# - LANGUAGE CODE |
| Language code of text/sound track or separate title |
eng |
| 080 ## - UNIVERSAL DECIMAL CLASSIFICATION NUMBER |
| Universal Decimal Classification number |
368.43 |
| 100 1# - Rafti |
| Rafti |
Carlson, Hannah. |
| 245 10 - TITLE STATEMENT |
| Title |
I have a friend who is blind / |
| Statement of responsibility, etc |
Hannah Carlson, Dale Carlson ; illustrated by Hope M. Douglas. |
| 260 ## - |
| -- |
Madison, CT : |
| -- |
Chaney Shannon Press, |
| -- |
c1995. |
| 300 ## - |
| -- |
57 p. : |
| -- |
me il. ; |
| -- |
21 cm. |
| 490 1# - |
| -- |
Basic manuals for friends of the disabled ; v. 2 |
| 650 #0 - |
| -- |
Manual per njerëz të paafte |
| 700 1# - |
| -- |
Carlson, Dale Bick. |
| 942 ## - ADDED ENTRY ELEMENTS (KOHA) |
| Source of classification or shelving scheme |
|
| Item type |
Books |